Iglesia y religion en los estados unidos y canada /

Guardado en:
Autor Principal: Mora Merida, Jose Luis
Formato: Libro
Publicado: Madrid : Mapfre, 1992
Series:Iglesia Catolica En El Nuevo M
Materias:
Etiquetas: Agregar Etiqueta
Sin Etiquetas, Sea el primero en etiquetar este registro!
LEADER 00540nam a22001695a 4500
001 EHU.bham019813
003 AR-BHAM
005 20101124185330.0
008 130507s1992##################000#0#####d
082 9 7 |a 970 
100 1 |a Mora Merida, Jose Luis 
245 1 0 |a Iglesia y religion en los estados unidos y canada /  |c Jose Luis Mora Merida 
260 |a Madrid :  |b Mapfre,  |c 1992 
300 |a 263 p. 
490 0 |a Iglesia Catolica En El Nuevo M 
653 |a Historia de america del norte 
859 |a AR-BHAM  |b BIB. HUMANIDADES - Mapfre  |h 970  |i M79  |p 639.93  |t Ej.1  |v FM